[Event "FRA-ch U12 Girls"]
[Site "Agen"]
[Date "2022.04.18"]
[Round "3"]
[White "Neel, Laura"]
[Black "Dubin, Lisa"]
[Result "1-0"]
[WhiteElo "1680"]
[BlackElo "1226"]
[PlyCount "115"]
[EventDate "2022.04.16"]
[EventType "swiss"]
[EventRounds "9"]
[EventCountry "FRA"]
[SourceTitle "EXT 2023"]
[Source "ChessBase"]
[SourceDate "2022.10.05"]
[SourceVersion "1"]
[SourceVersionDate "2022.10.05"]
[SourceQuality "1"]

1. e4 d6 2. d4 Nf6 3. Nc3 Nbd7 4. Nf3 e5 5. dxe5 dxe5 6. Bc4 Bc5 7. 0-0 c6 8. Bg5 b5 9. Bb3 0-0 10. Qe2 Qc7 11. Rad1 a5 12. a4 b4 13. Nb1 Ba6 14. Bc4 Bxc4 15. Qxc4 Ba7 16. b3 h6 17. Bh4 Nb6 18. Qe2 Qe7 19. Nbd2 Rac8 20. Nc4 Nxc4 21. Qxc4 c5 22. Qb5 Qc7 23. Qe2 c4 24. Nd2 cxb3 25. cxb3 Qc6 26. Kh1 Qc7 27. f3 Qc2 28. Qa6 Rfd8 29. Qxa7 Rxd2 30. Rxd2 Qxd2 31. Qxa5 Rc1 32. Qb5 Nh5 33. Bf2 Nf4 34. Rxc1 Qxc1+ 35. Bg1 Qb2 36. Qf1 Qxb3 37. a5 Qa2 38. a6 b3 39. a7 b2 40. Qb5 Kh7 41. a8Q b1Q 42. Qxa2 Qxb5 43. h3 Qf1 44. Kh2 Ne2 45. Be3 f6 46. Qd2 h5 47. h4 g5 48. Qd7+ Kg6 49. Qe8+ Kh7 50. Qe7+ Kg6 51. hxg5 fxg5 52. Qxg5+ Kf7 53. Qxh5+ Ke6 54. Qg6+ Kd7 55. Qf5+ Kd6 56. Qf6+ Kd7 57. Qg7+ Ke6 58. Bc5 1-0